LIBRARY ONLINE CATALOGUE

Learn New Testament Greek. (Record no. 7081)

MARC details
000 -LEADER
fixed length control field 00670nam a22002292 4500
001 - CONTROL NUMBER
control field 0000005816
005 - DATE AND TIME OF LATEST TRANSACTION
control field 20151217152006.0
008 - FIXED-LENGTH DATA ELEMENTS--GENERAL INFORMATION
fixed length control field 070717s xx 000 0 eng d
020 ## - INTERNATIONAL STANDARD BOOK NUMBER
International Standard Book Number 1903689287 :
Terms of availability KES 2,100
040 ## - CATALOGING SOURCE
Original cataloging agency KABU
Transcribing agency KABU
050 #0 - LIBRARY OF CONGRESS CALL NUMBER
Classification number PA817
Item number .D63 1992
100 1# - MAIN ENTRY--PERSONAL NAME
Personal name Dobson, John H.
-- 0000157040
245 10 - TITLE STATEMENT
Title Learn New Testament Greek.
250 ## - EDITION STATEMENT
Edition statement rev. ed.
260 ## - PUBLICATION, DISTRIBUTION, ETC. (IMPRINT)
Place of publication, distribution, etc. London :
Name of publisher, distributor, etc. Bible Society,
Date of publication, distribution, etc. 1992.
300 ## - PHYSICAL DESCRIPTION
Extent ix, 313 p.
630 00 - SUBJECT ADDED ENTRY--UNIFORM TITLE
Uniform title Bible.
Name of part/section of a work N.T.
General subdivision Language style.
-- 0000157041
650 #0 - SUBJECT ADDED ENTRY--TOPICAL TERM
Topical term or geographic name as entry element Greek language, Biblical
General subdivision Grammar.
-- 0000152207
908 ## - PUT COMMAND PARAMETER (RLIN)
Put command parameter 070717
950 ## - LOCAL HOLDINGS (RLIN)
-- 1
Holdings
Withdrawn status Lost status Source of classification or shelving scheme Not for loan Home library Current library Date acquired Total Checkouts Full call number Barcode Date last seen Price effective from Koha item type
    Library of Congress Classification   Kabarak, Main Campus Kabarak, Main Campus 17/12/2015   PA817 .D63 1992 007924 17/12/2015 17/12/2015 General Collection